Mechanics and mathematical physics (Record no. 182607)

000 -LEADER
fixed length control field 00364nam a2200133Ia 4500
008 - FIXED-LENGTH DATA ELEMENTS--GENERAL INFORMATION
fixed length control field 220217s9999||||xx |||||||||||||| ||und||
020 ## - INTERNATIONAL STANDARD BOOK NUMBER
International Standard Book Number 8121929133X
082 ## - DEWEY DECIMAL CLASSIFICATION NUMBER
Classification number 530 MUR
100 ## - MAIN ENTRY--PERSONAL NAME
Personal name Murgeshan, R
9 (RLIN) 8064
245 #0 - TITLE STATEMENT
Title Mechanics and mathematical physics
260 ## - PUBLICATION, DISTRIBUTION, ETC.
Place of publication, distribution, etc. S. Chand & company Ltd.
Name of publisher, distributor, etc. New Delhi
Date of publication, distribution, etc. 2012
300 ## - PHYSICAL DESCRIPTION
Extent 303p.
Other physical details 130
650 ## - SUBJECT ADDED ENTRY--TOPICAL TERM
Topical term or geographic name entry element PHYSICS
Holdings
Withdrawn status Lost status Damaged status Not for loan Collection code Home library Current library Shelving location Date acquired Full call number Barcode Date last seen Price effective from Koha item type
        Humanity Science Central Library Central Library Book Cart 02/18/2022 530 MUR 17796 02/18/2022 02/18/2022 Books

Powered by Koha